000 00635nam a2200121Ia 4500
008 220615s9999||||xx |||||||||||||| ||und||
100 _aKomatsu, Koji
245 0 _aMeaning-Making for Living
_bThe Emergence of the Presentational Self in Children’s Everyday Dialogues
546 _aEnglish[eng]
650 _aPsychology||Cognitive psychology||Developmental psychology||Self||Identity (Psychology)||Educational psychology||Education—Psychology||Cross-cultural psychology||Psychology—Methodology||Psychological measurement
856 _uhttps://library.oapen.org/bitstream/20.500.12657/23069/1/1007089.pdf
942 _cEB
999 _c9463
_d9463